01086nas a2200277Ia 4500001001600000003001000016008004100026040002500067041001300092100002400105210004300129222004300172245010100215250001100316260000900327501012300336300001600459362003100475500002900506650003800535700001100573942000700584957000600591999003300597952017800630A03/R027-50668 IT-MiCISF161014c99999999xx |||||||||||| ||und|| aIT-MiCISFcIT-MiCISF aITALIANO aPulvirenti Antonino aIl diritto di famiglia e delle persone aIl diritto di famiglia e delle persone 0aNote problematiche su alcuni profili procedimentali del delitto di "atti persecutori" (stalking) a1a ed. c2011 bCISF - Centro Internazionale Studi Famiglia - Via Giotto, 36 20145 MILANO (non commercial uses only)cCopyright 2016 app. 939-973 an. 2, aprile-giugno [2011] a Tema: stalking, diritto amaltrattamenti violenzavarticolo aAA.VV. cCR 71 a50668bSig1c232894d232894 0010406A_03_000000000000000_R0275066871aCISFbCISFd2016-10-14l0oA03/R027-50668 r2016-10-14 00:00:00w2016-10-14yCRzData import 15.10.2016 / by Epidotti, Vaglietti